[Event "CHI-chT"]
[Site "Chile"]
[Date "2023.11.07"]
[Round "2.1"]
[White "Riquelme Cifuentes, Esteban"]
[Black "Zamora Parada, Cristobal"]
[Result "0-1"]
[WhiteElo "1699"]
[BlackElo "1412"]
[PlyCount "78"]
[EventDate "2023.11.07"]
[EventType "team-tourn"]
[EventRounds "7"]
[EventCountry "CHI"]
[SourceTitle "CB46_2023"]
[SourceDate "2023.11.15"]
[SourceVersion "1"]
[SourceVersionDate "2023.11.15"]
[SourceQuality "1"]
[WhiteTeam "UACH"]
[BlackTeam "UTEM"]
[WhiteTeamCountry "CHI"]
[BlackTeamCountry "CHI"]

1. d4 Nf6 2. c4 g6 3. f3 d6 4. e4 Nbd7 5. Nc3 c6 6. Be3 Qc7 7. Qd2 h5 8. Nge2 e5 9. 0-0-0 b5 10. cxb5 cxb5 11. Kb1 a6 12. Rc1 Qb7 13. Bg5 Be7 14. g3 Nb6 15. Qc2 Bd7 16. f4 Nc4 17. fxe5 dxe5 18. Bg2 0-0 19. Rhf1 Nd5 20. Bxe7 Nxe7 21. Qd3 Nc6 22. Nd5 Kg7 23. dxe5 N4xe5 24. Qd2 f6 25. Nd4 Nxd4 26. Rc7 Qb8 27. Qxd4 Qe8 28. Bh3 Rd8 29. Nf4 Rf7 30. Bxd7 Rdxd7 31. Rxd7 Rxd7 32. Nd5 Rf7 33. h3 Qe6 34. Rf2 Nc4 35. a3 Ne5 36. Nf4 Qb3 37. Nd5 Nd3 38. Rxf6 Qd1+ 39. Ka2 Nc1+ 0-1